000 00910nas a2200325 4500
001 BR0003484
003 BR-BrBNA
005 20231205101940.0
007 ta
008 230509b bl.|||p| |||| 00| 00por d
040 _aBR-BrBNA
_bpor
_cBiblioteca Nacional de Agricultura
041 _a(Pt)
072 _aL70
100 1 _aGoncalves, G.F.
100 1 _aPippi, N.L.
100 1 _aRaiser, A.G.
100 1 _aMazzanti, A.
100 1 _aOliveira, S.T. de
100 1 _aNeves, J.P.
100 1 _aLeotte, A. de M.
100 1 _aHintz, C.W.
245 1 _aBiometria ultra-sonografica bidimensional em tempo real do globo ocular de caes
650 _aCao
650 _aBiometria
650 _aUltra-Som
650 _aOlho
773 0 _tCiencia Rural (Brazil)
_xISSN 0103-8478
_g(May-Jun 2000), v. 30(3) p. 417-420
_wBR0003484
909 _a202311
_bLúcia
_c55
_dLúcia Elande
942 _2AGRIS
_n0
_cANA
999 _c164883
_d164883